000 00981nam a2200277Ia 4500
003 GCL
005 20240530103144.0
008 140319s9999 xx 000 0 ara d
040 _aGCL /
_cGCL
082 0 4 _a940.1
_bهـ د
100 1 _aهارتمان , ل .م
245 1 0 _aالدولة والامبراطورية فى العصور الوسطى /
_cهارتمان , ل .م
260 _aبيروت :
_bدار النهضة العربية ،
_c1981
300 _a307 ص؛
_c24 سم
490 _aسلسلة تاريخ العصور الوسطى
_v2
650 0 4 _aتاريخ
650 0 4 _aالعصور الوسطى
650 0 4 _aاوربا
650 0 4 _aالامبراطورية البيزنطية
650 0 4 _aالامبراطوريات
653 _aالدولة فى العصور الوسطى
653 _aالدول الجرمانية
700 1 _aباراكلاف، . ج.
_eمؤلف
700 1 _aجوزيف نسيم يوسف
_eمترجم
942 _2ddc
_cBK
999 _c37216
_d37216